1097 1599 1923 1969 1551 1739 1164 1622 1291 1212 1453 1613 1679 1648 1762 1362 1866 1519 1571 1289 1746 1472 1579 1622 1550 1821 1471 1333 1259 1944 1885 1881 1267 1539 1887 1961 1857 1542 1527 1305 1998 1081 1559 1619 1395 1840 1869 1030 1119 1975 1399 1638 1367 1691 1343 1972 1122 1810 1467 1500 1991 1142 1058 1996 1744 1183 1906 1398 1000 1167 1085 1686 1191 1889 1923 1521 1728 1772 1837 1965 1738 1724 1970 1917 1211 1314 1222 1504 1495 1072 1782 1330 1257 1296 1869 1675 1409 1249 1522 BCNSPRNW ULIB Ver.6.0+V

เปลี่ยนเป็นภาษาไทย

Change to English
 แสดงรายละเอียดบรรณานุกรม
  กลับหน้าหลัก

Brief Record : Get Marc (ISO 2709) : E-mail record : QR code < ปิดหน้าต่าง
LEADER : 00000nam 2200000uu 4500
001    13399124466
003     ULIB
008    150726s2557||||th 000 0 tha d
020    ^a9789746758215
060 04 ^aWY100.4^bว641ก
100 0  ^aวิพร เสนารักษ์
245 10 ^aการวินิจฉัยการพยาบาล /^cวิพร เสนารักษ์
250    ^aพิมพ์ครั้งที่ 18
260    ^aขอนแก่น :^bภาควิชาการพยาบาลอายุรศาสตร์และศัลยศาสตร์คณะแพทยศาสตร์ มหาวิทยาลัยขอนแก่น,^c2557
300    ^a253 หน้า ;^c27 ซม.
650  7 ^aการพยาบาล
653    ^aการวินิจฉัยทางการพยาบาล
710 2  ^aมหาวิทยาลัยขอนแก่น.^bภาควิชาการพยาบาลอายุรศาสตร์และศัลยศาสตร์
945    ^p200^l0^i039730
945    ^p200^l0^i039731
945    ^p200^l0^i039732
945    ^p200^l0^i039733
945    ^p200^l0^i039734
945    ^p200^l0^i039735
945    ^p200^l0^i039736
945    ^p200^l0^i039737
945    ^p200^l0^i039738
945    ^p200^l0^i039739
999    ^aเกษร โพธิ์สุวรรณ
รายการนี้ยังไม่มีแท็ก
คุณยังไม่ได้ล็อกอิน คุณสามารถมีกิจกรรมร่วมกับเว็บไซต์ได้ แต่ต้องล็อกอินก่อน ::
  ล็อกอิน

รายการสื่อสารสนเทศ

ลำดับที่ ประเภท เลขเรียก/บาร์โค้ด สถานที่ สถานะ
1. Book การพยาบาล
Book การพยาบาล
สถานะ=หนังสือเก่า
WY100.4 ว641ก ฉ.1 
  Barcode: 039730
ห้องสมุดวิทยาเขตสวรรค์ประชารักษ์
►ส่วนจัดเก็บหนังสือเก่า สปร
บนชั้น
  ขอยืม
2. Book การพยาบาล
Book การพยาบาล
สถานะ=หนังสือเก่า
WY100.4 ว641ก ฉ.10 
  Barcode: 039739
ห้องสมุดวิทยาเขตสวรรค์ประชารักษ์
►ส่วนจัดเก็บหนังสือเก่า สปร
บนชั้น
  ขอยืม
3. Book การพยาบาล
Book การพยาบาล
สถานะ=หนังสือเก่า
WY100.4 ว641ก ฉ.2 
  Barcode: 039731
ห้องสมุดวิทยาเขตสวรรค์ประชารักษ์
►ส่วนจัดเก็บหนังสือเก่า สปร
บนชั้น
  ขอยืม
4. Book การพยาบาล
Book การพยาบาล
สถานะ=หนังสือเก่า
WY100.4 ว641ก ฉ.3 
  Barcode: 039732
ห้องสมุดวิทยาเขตสวรรค์ประชารักษ์
►ส่วนจัดเก็บหนังสือเก่า สปร
บนชั้น
  ขอยืม
5. Book การพยาบาล
Book การพยาบาล
สถานะ=หนังสือเก่า
WY100.4 ว641ก ฉ.4 
  Barcode: 039733
ห้องสมุดวิทยาเขตสวรรค์ประชารักษ์
►ส่วนจัดเก็บหนังสือเก่า สปร
บนชั้น
  ขอยืม
6. Book การพยาบาล
Book การพยาบาล
WY100.4 ว641ก ฉ.5 
  Barcode: 039734
ห้องสมุดวิทยาเขตสวรรค์ประชารักษ์
►หนังสือทั่วไป
บนชั้น
7. Book การพยาบาล
Book การพยาบาล
สถานะ=หนังสือเก่า
WY100.4 ว641ก ฉ.6 
  Barcode: 039735
ห้องสมุดวิทยาเขตสวรรค์ประชารักษ์
►ส่วนจัดเก็บหนังสือเก่า สปร
บนชั้น
  ขอยืม
8. Book การพยาบาล
Book การพยาบาล
สถานะ=หนังสือเก่า
WY100.4 ว641ก ฉ.7 
  Barcode: 039736
ห้องสมุดวิทยาเขตสวรรค์ประชารักษ์
►ส่วนจัดเก็บหนังสือเก่า สปร
บนชั้น
  ขอยืม
9. Book การพยาบาล
Book การพยาบาล
สถานะ=หนังสือเก่า
WY100.4 ว641ก ฉ.8 
  Barcode: 039737
ห้องสมุดวิทยาเขตสวรรค์ประชารักษ์
►ส่วนจัดเก็บหนังสือเก่า สปร
บนชั้น
  ขอยืม
10. Book การพยาบาล
Book การพยาบาล
สถานะ=หนังสือเก่า
WY100.4 ว641ก ฉ.9 
  Barcode: 039738
ห้องสมุดวิทยาเขตสวรรค์ประชารักษ์
►ส่วนจัดเก็บหนังสือเก่า สปร
บนชั้น
  ขอยืม

รายการใกล้เคียง
    ผู้แต่ง [วิพร เสนารักษ์]

    หัวเรื่อง [การพยาบาล]

BibComment


ยังไม่เคยถูกคอมเมนท์

คอมเมนท์ทรัพยากรรายการนี้
  คอมเมนท์: การวินิจฉัยการพย..


 Copyright 2026. Bcnsprnw @Library